Francúzsky a španielsky jazyk podklady na prijímacie testy pre uchádzačov o štúdium

Bibliographic Details
Format: Book
Language:Slovak
PhysicalDescription:81 s. 21 cm
Published: Bratislava Ekonóm 1998
ISBN:802250954X
Edition:2. vyd.
Subjects:

MARC

LEADER 00000nam a2200000 a 4500
001 vtls001329819
003 SK-MaSNL
005 20260301005658.0
008 240226s1998 xo ap r yy slo
015 |a SNBA1998/09-03135 
020 |a 802250954X  |c 40,00 Sk 
035 |a SNK000282676 
035 |a urn:nbn:sk:snk-amkho8 
035 |a urn:nbn:sk:snk-am008gr4 
035 |a 0A583FF4-C6DC-4481-A58F-6D712364A75B 
040 |a SNK  |b slo  |c SNK  |e AACR2 
041 0 |a slo 
044 |a xo  |c SK 
080 |a 804.0+806.0(035)  |2 1981 
080 |a 806.0(035)  |2 1981 
245 0 0 |a Francúzsky a španielsky jazyk  |b podklady na prijímacie testy pre uchádzačov o štúdium  |c kolektív 
250 |a 2. vyd. 
260 |a Bratislava  |b Ekonóm  |c 1998 
300 |a 81 s.  |c 21 cm 
504 |a Bibliogr. odkazy 
650 0 7 |a francúzština  |2 SNKPH  |9 1355 
650 0 7 |a španielčina  |2 SNKPH  |9 1358 
655 7 |a príručky  |2 SNK  |9 74364 
655 7 |a učebnice vysokých škôl  |2 SNKPH  |9 70191 
919 |a 80-225-0954-X 
958 |a OND 
958 |a TL 
958 |a NB 
958 |a UV 
999 |c 545913  |d 547843 
952 |t P60, <03>, [BOOK], {603}  |a SNK  |b SNK  |y PREZ  |7 0  |p 17A0138255  |o snkSC 95674  |i snkKSP 4917/98  |0 0  |1 0  |4 0  |d 1998-05-05  |f 1  |l 0  |r 2025-09-12 00:00:00  |w 2026-02-23 
952 |t P60, <04>, [BOOK], {604}  |a SNK  |b SNK  |y VYP  |7 0  |p 17A0138256  |o snkSC 95674 D1  |i snkKSP 4918/98  |0 0  |1 0  |4 0  |d 1998-05-05  |l 0  |r 2005-01-02 00:00:00  |w 2026-02-23